Los enemigos de la estrategia militar /

Guardat en:
Dades bibliogràfiques
Autor principal: Eguizábal Mendoza, Cristina
Format: Text
Matèries:
Etiquetes: Afegir etiqueta
Sense etiquetes, Sigues el primer a etiquetar aquest registre!

MARC

LEADER 00000 a a2200000 04500
001 1597
003
040
100 |a Eguizábal Mendoza, Cristina  
245 |a Los enemigos de la estrategia militar /  |c Cristina Eguizábal Mendoza 
650 |a MILITARISMO  
650 |a PAZ  
773 |g número 22; páginas 37-39  
999 |c 23700  |d 23700